| 000 | 01223nam a2200337 a 4500 | ||
|---|---|---|---|
| 001 | 27925 | ||
| 003 | BD-RjUL | ||
| 005 | 20211209051222.0 | ||
| 008 | 140329s1993 ii b 001 0 eng d | ||
| 035 | _a(BD-RjUL)28006 | ||
| 040 |
_aDLC _cDLC _beng _dBD-RjUL |
||
| 041 | 1 |
_aeng _hper |
|
| 082 | 0 | 0 |
_a954.025 _220 _bABA V-3 1993 |
| 100 | 0 |
_aAbū al-Faz̤l ibn Mubārak, _d1551-1602. _985652 |
|
| 245 | 1 | 4 |
_aThe Akbar nāma of Abu-l-Fazl / _ctranslated from the Persian by H. Beveridge. _nVol III |
| 260 |
_aDelhi : _bEss Ess Publications, _c1993 |
||
| 300 |
_a1274 p. ; _c22 cm. |
||
| 500 | _aTranslation of: Akbārnāmah. | ||
| 500 | _aReprint. Originally published: Calcutta : Royal Asiatic Society of Bengal, 1902-1939. | ||
| 500 | _aVol. 3 has series statement: Bibliotheca Indica, work no. 138. | ||
| 504 | _aIncludes bibliographical references and index. | ||
| 600 | 0 | 0 |
_aAkbar, _cEmperor of Hindustan, _d1542-1605. _985660 |
| 651 | 0 |
_aMogul Empire _xHistory. _919831 |
|
| 830 | 0 |
_vwork no. 138. _985661 |
|
| 700 | 1 |
_aBeveridge, Henry, _d1837-1929. _985655 |
|
| 830 | 0 |
_aBibliotheca Indica ; _985662 |
|
| 942 |
_2ddc _cBK |
||
| 999 |
_c27925 _d27925 |
||